Central Library OPAC University of Rajshahi

Helping the family in urban society / (Record no. 34624)

MARC details
000 -LEADER
fixed length control field 00808nam a22002531 4500
001 - CONTROL NUMBER
control field 34624
003 - CONTROL NUMBER IDENTIFIER
rucl marc code BD-RjUL
005 - DATE AND TIME OF LATEST TRANSACTION
control field 20211209052204.0
008 - FIXED-LENGTH DATA ELEMENTS--GENERAL INFORMATION
fixed length control field 140518s1963 nyu b 100 0 eng
035 ## - SYSTEM CONTROL NUMBER
System control number (BD-RjUL) 34718
040 ## - CATALOGING SOURCE
Original cataloging agency DLC
Transcribing agency DLC
Modifying agency BD-RjUL
Language of cataloging eng
041 ## - LANGUAGE CODE
Language code of text/sound track or separate title eng
082 00 - DEWEY DECIMAL CLASSIFICATION NUMBER
Classification number 301.42
Author mark and year HEL 1963
245 10 - TITLE STATEMENT
Title Helping the family in urban society /
Statement of responsibility, etc. edited by Fred DelliQuadri.
260 ## - PUBLICATION, DISTRIBUTION, ETC. (IMPRINT)
Place of publication, distribution, etc. New York :
Name of publisher, distributor, etc. Columbia University Press,
Date of publication, distribution, etc. c1963.
300 ## - PHYSICAL DESCRIPTION
Pagination xii, 184 p. ;
Size 21 cm.
500 ## - GENERAL NOTE
General note Selected papers presented at its 89th annual forum held in New York in 1962.
504 ## - BIBLIOGRAPHY, ETC. NOTE
Bibliography, etc Bibliographical footnotes.
650 #0 - SUBJECT ADDED ENTRY--TOPICAL TERM
Topical term or geographic name as entry element Family social work
General subdivision Congresses.
9 (RLIN) 105332
700 1# - ADDED ENTRY--PERSONAL NAME
Personal name DelliQuadri, Fred
Relator term ed.
942 ## - ADDED ENTRY ELEMENTS (KOHA)
Source of classification or shelving scheme Dewey Decimal Classification
Koha item type Books
Holdings
Lost status Source of classification or shelving scheme Damaged status Not for loan Collection code Permanent Location Current Location Shelving location Date acquired Source of acquisition Cost, normal purchase price Total Checkouts Full call number Date last seen Copy number Koha item type
  Dewey Decimal Classification   Not For Loan Non-fiction Central Library, University of Rajshahi Central Library, University of Rajshahi Reading Room 18/03/1966 Zeitlinger 0.00   301.42 HEL 1963 18/05/2014 C-1 Books
  Dewey Decimal Classification     Non-fiction Central Library, University of Rajshahi Central Library, University of Rajshahi   18/03/1966 Zeitlinger 0.00   301.42 HEL 1963 18/05/2014 C-2 Books